| 000 | 01538nam0a22003371 4500 | ||
|---|---|---|---|
| 001 | rc\3121776 | ||
| 005 | 20260407124622.0 | ||
| 010 |
_bВ пер. _d7 р. _93500 |
||
| 021 |
_aRU _b7221/33 г. |
||
| 035 | _a(NLR Aleph) 010506462 | ||
| 090 |
_a10158443 _c10158443 |
||
| 100 | _a20110914d1932 |||y0rusy50 ca | ||
| 101 | 0 | _arus | |
| 102 | _aRU | ||
| 105 | _aade g ||||| | ||
| 200 | 1 |
_aЛоция Белого моря _fСССР. Управление Военно-Морских Сил РККА. Гидрографический отдел _g[общая редакция произведена А.Н. Рождественским] |
|
| 205 | _aИзд. 5 | ||
| 210 |
_aЛенинград _cиздание и типография Гидрографического управления _d1932 |
||
| 215 |
_aLXXIII, 566 с., 22 вкл. л. крас. карт., схем. _d26х18 |
||
| 607 |
_aБелое море _xЛоция _91195316 _3RU\NLR\AUTH\66165131 |
||
| 617 |
_mСеверный Ледовитый океан _mБелое море |
||
| 686 | _aО471.12,1(912.2) | ||
| 702 | 1 |
_4340 _7ca _8rus _aРождественский _bА. Н. _f1891-1935 _gАлексей Николаевич _9135863 _3RU\NLR\AUTH\770135898 |
|
| 711 | 0 | 1 |
_4475 _aСССР _bУправление гидрографической службы ВМФ _3RU\NLR\AUTH\889967035 _9430425 |
| 801 | 0 |
_aRU _bNLR _gpsbo |
|
| 801 | 1 |
_aRU _bELAR _2rusmarc |
|
| 801 | 2 |
_aRU _bNLR _c20140729 _2rusmarc |
|
| 852 |
_aNLR _j33-5/115 |
||
| 942 | _cBOOK | ||
| 980 | _aNB | ||